000 00463nam a2200193Ia 4500
005 20240823032806.0
008 240823s9999||||xx |||||||||||||| ||und||
020 _a978-81-8094-076-7
041 _aENGLISH
082 _A004.0151 Q0
100 _aAcharjya D P
245 0 _aTheory Of Computation
250 _a1st
260 _c2010
_b"MJP Publishers,Ch"
_aChennai
500 _aYES
650 _aComputation
_bMathematics
942 _cBK
999 _c194268
_d194268